A nitrogén-monoxid hatása borsólevelek fotoszintetikus elektrontranszportjára

Elmentve itt :
Bibliográfiai részletek
Szerző: Wodala Barnabás
További közreműködők: Horváth Ferenc (Témavezető)
Erdei László (Témavezető)
Dokumentumtípus: Disszertáció
Megjelent: 2009-11-23
Tárgyszavak:
mtmt:30845787
Online Access:http://doktori.ek.szte.hu/1382
LEADER 01055nta a2200241 i 4500
001 dokt1382
005 20200117161001.0
008 120220s2009 hu om 0|| hun d
024 7 |a 30845787  |2 mtmt 
040 |a SZTE Doktori Repozitórium  |b hun 
041 |a hun 
100 1 |a Wodala Barnabás 
245 1 2 |a A nitrogén-monoxid hatása borsólevelek fotoszintetikus elektrontranszportjára  |h [elektronikus dokumentum] /  |c  Wodala Barnabás 
246 1 0 |a The effect of nitric oxide on the photosynthetic electron transport of pea leaves  |h [elektronikus dokumentum] 
260 |c 2009-11-23 
502 |a Disszertacio 
650 4 |a biológiai tudományok 
650 4 |a Biológiai tudományok 
700 0 1 |a Horváth Ferenc  |e ths 
700 0 1 |a Erdei László  |e ths 
856 4 0 |u https://doktori.bibl.u-szeged.hu/id/eprint/1382/1/PhD_WODALA.pdf  |z Dokumentum-elérés  
856 4 0 |u https://doktori.bibl.u-szeged.hu/id/eprint/1382/2/Tezisek_WODALA.pdf  |z Dokumentum-elérés  
856 4 0 |u https://doktori.bibl.u-szeged.hu/id/eprint/1382/3/Theses_WODALA.pdf  |z Dokumentum-elérés